000 00235nam a22000977a 4500
082 _a823.912
_bORW
100 _aOrwell, George
245 _aNineteen Eighty Four /
_cGeorge Orwell
300 _a274 p. ;
_c23 cm.
942 _2ddc
_cBK
999 _c591695
_d591695